000 00680 a2200205 4500
020 _a0070606536
_c265.00
035 _aB-211493
037 _bRP-SNP-62 / UBH-07-08:6 / RP-07-08:ENG
082 1 4 _a621.4022
090 _c5053
_d5053
100 1 _aNag, P.K.
245 1 _aHeat and mass transfer
_cby P.K. Nag
260 _aNew Delhi
_bTata McGraw Hill
_c2007r
270 _a7 West Patel Nagar,
_bNew Delhi
_cDelhi
_e110008
300 _axvi, 866 p
_c23 cm (pbk)
490 _aMechanical engineering series
500 _aincludes appendix & index
942 _adpl
_cEN
_k621.4022 / NAG
999 _c4956
_d4956